000 00746nam a2200241Ia 4500
003 OSt
005 20220918192836.0
006 a|||||r|||| 00| 0
007 ta
008 220917b |||||||| |||| 00| 0 eng d
024 _a70,688
037 _cTextual
040 _aARTS
_cARTS
_beng
041 _2eng
_aeng
082 _aR4xL24,ME, G8 (ER)
100 _aKant Immanuel
_910597
245 0 _aFundamental principles of the metaphysic of ethics tr by Otto Manteyzorn
260 _aNew York
_bAppleton Century Crofts
_c1938
490 _aAppleton century philosophy source books ed by Sterling P Lamprecht; 5
650 _aETHICS
942 _hR4xL24,ME, G8 (ER)
_cTEXL
_2CC
999 _c196781
_d196781